Music Quiz

Random Music or Artist Quiz

Rap Music Artists Slideshow II Quiz Stats

 Plays Quiz Updated Jul 25, 2017

Score 0/25 Timer 07:00
8 Plays Today
% Correct
Jay-Z
97%
Will Smith
96.6%
Drake
94.1%
Ice Cube
92%
50 Cent
89%
Pitbull
86%
Lil Wayne
83.6%
Macklemore
82.4%
Iggy Azalea
72.1%
Diddy
71.7%
Childish Gambino
65.4%
Run–D.M.C.
63.8%
LL Cool J
60.3%
% Correct
Queen Latifah
58.5%
Missy Elliott
56.5%
Common
52.1%
Flo Rida
49.3%
DMX
47.3%
The Roots
45.4%
2 Chainz
43.4%
Soulja Boy
41.2%
Public Enemy
38.7%
Busta Rhymes
36.3%
B.o.B.
28%
Wyclef Jean
25%

You're not logged in!

Compare scores with friends on all Sporcle quizzes.
OR
Log In

Show Comments

Extras

Top Quizzes Today


Score Distribution

Your Account Isn't Verified!

In order to create a playlist on Sporcle, you need to verify the email address you used during registration. Go to your Sporcle Settings to finish the process.

Report this User

Report this user for behavior that violates our Community Guidelines.

Details: